000 00521nam a2200169Ia 4500
003 GCL
008 140319s9999 xx 000 0 eng d
040 _aGCL /
_cGCL
082 0 4 _a551
_bC W
100 1 _aCROMIE, WILLIAM J.
245 1 0 _aWHY THE MOHOLE ADVENTURES IN INNER SPACE: THE STORY OF MAN'S ATTEMPT TO PENETRATE THE INTERIOR OF THE EARTH /
_cCROMIE, WILLIAM J.
260 _a[S.N] :
_bWASHINGTON SQUARE PRES INC ،
_c1964
300 _a230 P
650 0 4 _aEARTH
650 0 4 _aEARTH, HISTORY
942 _2ddc
_cBK
999 _c12122
_d12122